[Event "Detroit (MOR/1b/59)"]
[Site "?"]
[Date "1992.??.??"]
[Round "?"]
[White "Eggenberger, Jeffrey"]
[Black "Brown, S."]
[Result "0-1"]
[WhiteElo "1605"]
[BlackElo "1605"]
[PlyCount "84"]
[EventDate "1992.??.??"]

1. d4 Nf6 2. Nf3 d5 3. Bg5 Ne4 4. Nbd2 Nxg5 5. Nxg5 e5 6. Ngf3 e4 7. Ng1 Bg4 8.
h3 Bh5 9. Nb3 Bd6 10. Qd2 Qf6 11. e3 O-O 12. g4 Bg6 13. O-O-O Nd7 14. Nc5 Nxc5
15. dxc5 Be5 16. c3 Rfd8 17. h4 h6 18. Ne2 Qxf2 19. Nf4 Qxd2+ 20. Rxd2 Bxf4 21.
exf4 f5 22. g5 Bh5 23. gxh6 gxh6 24. Rg1+ Kh8 25. Bh3 e3 26. Rd3 e2 27. Bxf5
Rg8 28. Rxg8+ Rxg8 29. Re3 Rg1+ 30. Kd2 Rd1+ 31. Kc2 e1=Q 32. Rxe1 Rxe1 33. Kb3
Rf1 34. Be6 Rxf4 35. Bxd5 Bf3 36. Bc4 c6 37. Kb4 Bd5 38. b3 Rxh4 39. a3 Rf4 40.
a4 h5 41. a5 a6 42. Ka3 Bxc4 0-1

[Event "Detroit (MOR/2/98)"]
[Site "?"]
[Date "1992.??.??"]
[Round "?"]
[White "Edwards, D."]
[Black "Mitchell, Dave"]
[Result "1-0"]
[WhiteElo "1605"]
[BlackElo "1605"]
[PlyCount "37"]
[EventDate "1992.??.??"]

{2/(98)} 1. e4 c6 2. d4 d5 3. e5 Bf5 4. Bd3 Bd7 5. Be3 e6 6. Nc3 Bb4 7. Qh5 h6
8. Nge2 Qb6 9. O-O Bxc3 10. bxc3 Ne7 11. Rab1 Qc7 12. Bg5 Kf8 13. Qh4 Be8 14.
f4 b6 15. f5 Nxf5 16. Bxf5 exf5 17. Rxf5 hxg5 18. Qxh8+ Ke7 19. Qxg7 1-0

[Event "Flint (Class C/2)"]
[Site "?"]
[Date "1992.??.??"]
[Round "?"]
[White "Edson, James"]
[Black "Smeckert, Dennis"]
[Result "1-0"]
[WhiteElo "1605"]
[BlackElo "1605"]
[PlyCount "133"]
[EventDate "1992.??.??"]

1. e4 e5 2. Nf3 Nc6 3. Nc3 Nf6 4. Bc4 h6 5. O-O d6 6. h3 Be6 7. d3 Qd7 8. Be3
Bxc4 9. dxc4 O-O-O 10. Qd2 a6 11. Rfd1 Ne8 12. a3 f5 13. exf5 Qxf5 14. Qd3 Qe6
15. b4 Nf6 16. Rd2 e4 17. Nxe4 Nxe4 18. Re2 d5 19. Bf4 Qf6 20. Rae1 Qxf4 21.
cxd5 Ng5 22. Nxg5 Qxg5 23. c4 Nb8 24. Re5 Qf6 25. Rf5 Qd6 26. Re6 Qd7 27. Qf3
Re8 28. Rf7 Qd8 29. c5 Rxe6 30. dxe6 Be7 31. Rxg7 Rf8 32. Qg4 Nc6 33. f4 Kb8
34. f5 Qd4+ 35. Qxd4 Nxd4 36. Rxe7 Nxf5 37. Rf7 Re8 38. Rxf5 Rxe6 39. Kf2 b6
40. g4 Kc8 41. Kf3 bxc5 42. Rxc5 Kd7 43. Kf4 Kd6 44. h4 Re1 45. Rc3 Rh1 46. h5
Rf1+ 47. Ke4 Ke7 48. Rc6 Kd7 49. Rxa6 Re1+ 50. Kf5 c6 51. g5 hxg5 52. Kxg5 Rg1+
53. Kf6 Rh1 54. Kg6 Rh2 55. h6 Kd6 56. h7 Rg2+ 57. Kf7 Rf2+ 58. Kg8 Rg2+ 59.
Kh8 Ke6 60. Ra8 Kf7 61. a4 Rg4 62. b5 cxb5 63. axb5 Rb4 64. Rb8 Rb1 65. b6 Rb2
66. b7 Rb3 67. Rg8 1-0

[Event "Flint (Class C/4)"]
[Site "?"]
[Date "1992.??.??"]
[Round "?"]
[White "Edson, James"]
[Black "Cooper, Willie"]
[Result "1/2-1/2"]
[WhiteElo "1605"]
[BlackElo "1605"]
[PlyCount "96"]
[EventDate "1992.??.??"]

1. e4 c5 2. Nc3 e6 3. Nf3 Nc6 4. g3 a6 5. a4 Bd6 6. d4 cxd4 7. Nxd4 Be5 8. Be3
Nge7 9. Bg2 O-O 10. O-O Qc7 11. Nce2 Ng6 12. c3 Nce7 13. Qc2 d5 14. exd5 exd5
15. Rad1 Be6 16. f4 Bxd4 17. Nxd4 Bd7 18. f5 Qe5 19. fxg6 Qxe3+ 20. Kh1 Nxg6
21. Bxd5 Rab8 22. Qe2 Qxe2 23. Nxe2 Bc6 24. Kg2 Bxa4 25. b3 Bc6 26. Bxc6 bxc6
27. b4 Ne5 28. Rd6 Nc4 29. Rd3 Rbd8 30. Rff3 Ne5 31. Rxd8 Rxd8 32. Rf4 f6 33.
Rd4 Rxd4 34. Nxd4 Kf7 35. Kf2 g6 36. h3 Ke7 37. Ke3 Kd6 38. Ke4 c5 39. Nb3 f5+
40. Ke3 cxb4 41. cxb4 Kd5 42. Nc5 Nc4+ 43. Kf4 a5 44. bxa5 Nxa5 45. Nd7 Nc6 46.
Nf8 Nd4 47. Nxh7 Ne6+ 48. Kf3 Ke5 1/2-1/2

[Event "East Lansing (MI Am/3)"]
[Site "?"]
[Date "1992.??.??"]
[Round "?"]
[White "Eck, J."]
[Black "Triplett, Thomas"]
[Result "0-1"]
[WhiteElo "1605"]
[BlackElo "1920"]
[PlyCount "92"]
[EventDate "1992.??.??"]

1. e4 c5 2. c4 Nc6 3. b3 d6 4. Bb2 e5 5. g3 Nf6 6. d3 Be7 7. Nd2 Bd7 8. Nh3 h6
9. Bg2 Qc8 10. Ng1 O-O 11. h3 a5 12. a3 Re8 13. Ndf3 Bf8 14. Bc1 Ne7 15. Be3
Qc7 16. Ra2 b5 17. Qc1 Reb8 18. b4 axb4 19. Nd2 bxa3 20. cxb5 Qa5 21. Ngf3 Rxb5
22. O-O Be6 23. Nc4 Bxc4 24. Qxc4 Nc6 25. Bd2 Qb6 26. g4 Nb4 27. Raa1 a2 28. g5
hxg5 29. Nxg5 Ra7 30. f4 Rba5 31. fxe5 dxe5 32. Bc3 Ra4 33. Bxe5 Nc6 34. Qc3
Nxe5 35. Qxe5 c4+ 36. Kh1 cxd3 37. Qf4 R7a5 38. Rfc1 Qd4 39. Qc7 Rxg5 40. Rg1
Bd6 41. Qd8+ Kh7 42. h4 Qe5 43. Qxd6 Qxd6 44. hxg5 Ng4 45. e5 Nf2+ 46. Kh2
Qxe5# 0-1

[Event "Lansing (Aug)"]
[Site "?"]
[Date "1992.??.??"]
[Round "?"]
[White "Eck, J."]
[Black "Talreja, M."]
[Result "0-1"]
[WhiteElo "1605"]
[BlackElo "1605"]
[PlyCount "110"]
[EventDate "1992.??.??"]

1. e4 d6 2. Bc4 Nf6 3. d3 g6 4. Nc3 Bg7 5. h3 O-O 6. Bd2 Nbd7 7. a4 c5 8. Nf3
Re8 9. a5 a6 10. O-O b5 11. axb6 Nxb6 12. Bb3 Qc7 13. Na4 Nxa4 14. Rxa4 Bd7 15.
Ba5 Qb7 16. Ra2 Bb5 17. c4 Bc6 18. Ba4 Nd7 19. Bxc6 Qxc6 20. b4 cxb4 21. Bxb4
Reb8 22. Ba5 Rb7 23. d4 Qxc4 24. Rc2 Qb5 25. Qd2 Rab8 26. Rfc1 Nf6 27. Rc8+
Rxc8 28. Rxc8+ Bf8 29. Bd8 Qb1+ 30. Kh2 Qxe4 31. Ng5 Qf5 32. Ra8 h6 33. Nf3 Ne4
34. Qe2 Kg7 35. Rxa6 Ng5 36. Nxg5 Qxg5 37. Ra5 Qf4+ 38. g3 Qxd4 39. Ra8 Rb2 40.
Ra4 Qxf2+ 41. Qxf2 Rxf2+ 42. Kg1 Rc2 43. Ba5 f5 44. g4 fxg4 45. hxg4 d5 46. Bb6
Rc4 47. Ra5 Rxg4+ 48. Kf2 Rg5 49. Ke3 Kf7 50. Bd8 Bg7 51. Ra7 Bf6 52. Bc7 Rg4
53. Bd6 Bd4+ 54. Kf3 Bxa7 55. Kxg4 exd6 0-1

[Event "East Lansing (MI Am/1)"]
[Site "?"]
[Date "1992.??.??"]
[Round "?"]
[White "Eck, J."]
[Black "Niemi, S."]
[Result "1-0"]
[WhiteElo "1605"]
[BlackElo "1605"]
[PlyCount "73"]
[EventDate "1992.??.??"]

1. e4 Nc6 2. d4 d5 3. e5 Bf5 4. Bb5 e6 5. h3 Nh6 6. Bxh6 gxh6 7. c3 Qg5 8. Bf1
Qh4 9. Nd2 Qg5 10. Ngf3 Qg6 11. Rc1 Be4 12. Nxe4 dxe4 13. Nh2 Be7 14. Rg1 Bh4
15. g3 O-O-O 16. Ng4 h5 17. Ne3 Nxe5 18. Be2 Nd3+ 19. Bxd3 exd3 20. Kf1 Bg5 21.
f4 Bh4 22. gxh4 Qe4 23. Ng2 Rdg8 24. Qd2 Qf5 25. Re1 Rg3 26. Re5 Qxh3 27. Rg5
Rf3+ 28. Ke1 Qh2 29. Rf1 f6 30. Rxf3 fxg5 31. fxg5 Re8 32. Kf2 e5 33. dxe5 Rxe5
34. Rf8+ Kd7 35. Qxd3+ Ke7 36. Qd8+ Ke6 37. Rf6# 1-0

[Event "East Lansing (MI Am/4)"]
[Site "?"]
[Date "1992.??.??"]
[Round "?"]
[White "Eck, J."]
[Black "Brauker, J."]
[Result "1-0"]
[WhiteElo "1605"]
[BlackElo "1605"]
[PlyCount "77"]
[EventDate "1992.??.??"]

1. e4 e6 2. Nf3 d5 3. exd5 exd5 4. c4 Nf6 5. cxd5 Nxd5 6. Bc4 Be6 7. O-O Be7 8.
d4 O-O 9. b3 Nc6 10. Re1 Bf6 11. Bb2 a6 12. Ne5 Nxe5 13. dxe5 Bg5 14. Qf3 c6
15. Na3 b5 16. Bd3 Nf4 17. Rad1 Qc7 18. Nc2 Bd5 19. Be4 Rad8 20. Bxd5 cxd5 21.
Nd4 Ne6 22. Ba3 Rfe8 23. Bd6 Qd7 24. Nf5 g6 25. h4 Bf6 26. Qg3 Bg7 27. Nxg7
Kxg7 28. h5 Qb7 29. hxg6 hxg6 30. Qh4 Rh8 31. Qf6+ Kh7 32. Re3 Ng7 33. Be7 Rd7
34. Rh3+ Nh5 35. Rxh5+ gxh5 36. Qxf7+ Kh6 37. Bg5+ Kxg5 38. Qf6+ Kg4 39. Rd4#
1-0

[Event "Flint (MEX/3)"]
[Site "?"]
[Date "1992.??.??"]
[Round "?"]
[White "Eagle, Chris"]
[Black "Sloan, Thomas"]
[Result "1-0"]
[WhiteElo "2130"]
[BlackElo "2125"]
[PlyCount "83"]
[EventDate "1992.??.??"]

1. d4 f5 2. c4 Nf6 3. g3 g6 4. Bg2 Bg7 5. Nf3 O-O 6. O-O d6 7. Nc3 Qe8 8. d5
Na6 9. Nd4 Bd7 10. e4 fxe4 11. Nxe4 Nxe4 12. Bxe4 Nc5 13. Bg2 e5 14. dxe6 Nxe6
15. Nxe6 Bxe6 16. Re1 c6 17. Qxd6 Kf7 18. Bg5 h6 19. Qc7+ Kg8 20. Be7 Qf7 21.
Qd6 Qxf2+ 22. Kh1 Bxc4 23. Bxf8 Rxf8 24. Qxg6 Bf7 25. Qd3 Bxb2 26. Rab1 Bxa2
27. Rf1 Bxb1 28. Qb3+ Kh8 29. Rxf2 Rxf2 30. Qxb7 Rxg2 31. Kxg2 Be4+ 32. Kh3 Bg7
33. Kg4 Kh7 34. Qxa7 Kg8 35. Qe7 Bd5 36. Kf5 Bf7 37. Qd7 Bd5 38. g4 Kh7 39. h4
Bg2 40. Qe7 Bh3 41. Qe4 h5 42. Kg5+ 1-0

[Event "Flint (MEX/1)"]
[Site "?"]
[Date "1992.??.??"]
[Round "?"]
[White "Eagle, Chris"]
[Black "Sherbel, Steve"]
[Result "0-1"]
[WhiteElo "2130"]
[BlackElo "2030"]
[PlyCount "86"]
[EventDate "1992.??.??"]

1. d4 e6 2. g3 f5 3. Bg2 Nf6 4. c4 c6 5. Nf3 d5 6. b3 Bd6 7. O-O Qe7 8. Bb2 O-O
9. Nbd2 Bd7 10. Ne1 Be8 11. Nd3 Bh5 12. Nf3 Nbd7 13. a4 Ne4 14. Nfe5 g5 15. f3
Nef6 16. Qd2 Qg7 17. Rfe1 Kh8 18. Nxd7 Nxd7 19. e4 fxe4 20. fxe4 Bf3 21. exd5
exd5 22. Re6 Bxg2 23. Qxg2 Bc7 24. Rae1 Nf6 25. Ba3 Rfe8 26. Re7 Qg6 27. Qf1
Rac8 28. R1e6 Bb6 29. c5 Rxe7 30. Rxf6 Qg7 31. cxb6 Ree8 32. bxa7 Kg8 33. Bd6
b5 34. Be5 Qxa7 35. Rf7 Qxf7 36. Qc1 Qg6 37. Nc5 bxa4 38. bxa4 Rf8 39. a5 Ra8
40. Nd7 Rf7 41. Nb6 Rxa5 42. Nc8 Rb5 43. Qe3 Rb1+ 0-1

[Event "Detroit (MI Action/2)"]
[Site "?"]
[Date "1992.??.??"]
[Round "?"]
[White "Dyer, Todd"]
[Black "Woods, I."]
[Result "1-0"]
[WhiteElo "1605"]
[BlackElo "1605"]
[PlyCount "61"]
[EventDate "1992.??.??"]

1. d4 d5 2. e3 Nf6 3. Bd3 g6 4. Nd2 Nbd7 5. Ngf3 Bg7 6. O-O c5 7. c3 c4 8. Bc2
O-O 9. e4 dxe4 10. Nxe4 Nxe4 11. Bxe4 e5 12. dxe5 Nxe5 13. Nxe5 Qxd1 14. Rxd1
Bxe5 15. Be3 Bf5 16. Bxf5 gxf5 17. Rd5 f6 18. f4 Rad8 19. Rxd8 Rxd8 20. fxe5
fxe5 21. Re1 f4 22. Bxa7 Rd2 23. Rxe5 Rd1+ 24. Kf2 Rd2+ 25. Re2 Rd3 26. Bb8 Rd1
27. Bxf4 Ra1 28. a3 b5 29. Re8+ Kf7 30. Rb8 b4 31. Rxb4 1-0

[Event "Lansing (Aug)"]
[Site "?"]
[Date "1992.??.??"]
[Round "?"]
[White "Duweck, Mike"]
[Black "Shelters, Richard"]
[Result "1/2-1/2"]
[WhiteElo "1605"]
[BlackElo "1605"]
[PlyCount "97"]
[EventDate "1992.??.??"]

1. d4 d5 2. c4 dxc4 3. Nc3 Nc6 4. Nf3 Nf6 5. e3 Bg4 6. Bxc4 e6 7. O-O Bd6 8. h3
Bh5 9. Bd2 a6 10. Rc1 O-O 11. Be2 Qe7 12. Ng5 Bg6 13. f4 h6 14. Nf3 Ne4 15.
Nxe4 Bxe4 16. Ne5 Nxe5 17. fxe5 Bb4 18. Bxb4 Qxb4 19. b3 Qe7 20. Bf3 Bxf3 21.
Qxf3 c6 22. Rc5 Rad8 23. Qg3 Qc7 24. Rf6 Kh7 25. Rf4 f6 26. exf6 Rxf6 27. Rg4
Qf7 28. Rf4 Rxf4 29. exf4 Rxd4 30. Rc4 Rxc4 31. Qd3+ g6 32. Qxc4 Qd7 33. Qc2
Qd4+ 34. Kh1 Qxf4 35. Qd1 g5 36. Qd7+ Kg6 37. Qxe6+ Qf6 38. Qe4+ Kg7 39. Qe2 b5
40. Qc2 Qa1+ 41. Kh2 Qe5+ 42. Kh1 c5 43. Qd2 Kf6 44. Qd8+ Kf5 45. Qf8+ Ke4 46.
Qf3+ Kd4 47. Qd1+ Ke4 48. Qf3+ Kd4 49. Qd1+ 1/2-1/2

[Event "Lansing (Aug)"]
[Site "?"]
[Date "1992.??.??"]
[Round "?"]
[White "Duweck, Mike"]
[Black "Golingai, P."]
[Result "0-1"]
[WhiteElo "1605"]
[BlackElo "1605"]
[PlyCount "70"]
[EventDate "1992.??.??"]

1. d4 Nf6 2. c4 g6 3. Nc3 Bg7 4. Nf3 O-O 5. e3 d6 6. Bd3 c5 7. O-O a6 8. Re1
Nc6 9. a3 Bd7 10. Bd2 cxd4 11. exd4 Re8 12. Rc1 Bg4 13. d5 Nd4 14. Be3 Nxf3+
15. gxf3 Bh3 16. Bf1 Qd7 17. Bxh3 Qxh3 18. Qd4 Qxf3 19. Qf4 Qxf4 20. Bxf4 Rac8
21. b3 Nh5 22. Bg3 Nxg3 23. hxg3 b5 24. Re4 bxc4 25. Rxc4 Rxc4 26. bxc4 Rc8 27.
Na4 Kf8 28. c5 dxc5 29. Rxc5 Rxc5 30. Nxc5 Bb2 31. a4 a5 32. Kg2 Ke8 33. Kf3
Bc3 34. Ke4 Bb4 35. Kd3 Bxc5 0-1

[Event "Lansing (Aug)"]
[Site "?"]
[Date "1992.??.??"]
[Round "?"]
[White "Duweck, K."]
[Black "Woods, I."]
[Result "0-1"]
[WhiteElo "1605"]
[BlackElo "1605"]
[PlyCount "112"]
[EventDate "1992.??.??"]

1. e4 e5 2. Nf3 Nc6 3. Nc3 Nf6 4. Bd3 Bc5 5. Bc4 O-O 6. O-O d6 7. d3 Be6 8. Na4
b6 9. Be3 Bxe3 10. fxe3 Bxc4 11. dxc4 a6 12. b3 Nxe4 13. Qd5 b5 14. cxb5 axb5
15. Qxc6 f5 16. Qxb5 Rc8 17. Qb4 d5 18. Nxe5 Rb8 19. Qd4 Qd6 20. Nd3 Rbc8 21.
Rxf5 Rxf5 22. g4 c5 23. Qb2 Rf3 24. Rf1 Rxf1+ 25. Kxf1 Qxh2 26. c3 Qxb2 27.
Ndxb2 d4 28. Nd3 dxe3 29. b4 cxb4 30. cxb4 Rc2 31. Ke1 Rxa2 32. b5 Rxa4 33. b6
Ra8 34. b7 Rb8 35. Nc5 Nxc5 36. Ke2 Rxb7 37. Kxe3 Rb4 38. Kf3 h5 39. gxh5 g6
40. hxg6 Nd3 41. Ke3 Kg7 42. Kxd3 Kxg6 43. Kc3 Rh4 44. Kd3 Kf5 45. Ke3 Ke5 46.
Kd3 Rg4 47. Ke3 Rg3+ 48. Kf2 Ra3 49. Ke2 Kd4 50. Kd2 Ra2+ 51. Kc1 Kc3 52. Kd1
Kd3 53. Ke1 Ke3 54. Kd1 Rh2 55. Kc1 Kd3 56. Kd1 Rh1# 0-1

[Event "Lansing (Aug)"]
[Site "?"]
[Date "1992.??.??"]
[Round "?"]
[White "Duweck, K."]
[Black "Mitchell, Dave"]
[Result "0-1"]
[WhiteElo "1605"]
[BlackElo "1605"]
[PlyCount "56"]
[EventDate "1992.??.??"]

1. e4 c6 2. Nc3 d5 3. f3 e5 4. Nge2 d4 5. Na4 b5 6. Nc5 Bxc5 7. d3 Qa5+ 8. Bd2
Qd8 9. g4 Qf6 10. Rg1 Qh4+ 11. Ng3 Qxh2 12. Rh1 Qxg3+ 13. Ke2 Nf6 14. Qc1 Nxg4
15. Be1 Qf4 16. Qxf4 exf4 17. Bh3 Na6 18. Bxg4 Bxg4 19. fxg4 O-O-O 20. Rf1 g5
21. c3 h5 22. a3 hxg4 23. b4 Rh2+ 24. Kd1 Bb6 25. cxd4 Rxd4 26. Kc1 Rxd3 27. a4
Be3+ 28. Kb1 Rd1# 0-1

[Event "Lansing (Aug)"]
[Site "?"]
[Date "1992.??.??"]
[Round "?"]
[White "Duweck, H."]
[Black "Waters, T."]
[Result "0-1"]
[WhiteElo "1605"]
[BlackElo "1605"]
[PlyCount "92"]
[EventDate "1992.??.??"]

1. e4 e5 2. Nf3 Nc6 3. g3 Nf6 4. Nc3 Bb4 5. a3 Bxc3 6. bxc3 Nxe4 7. Bg2 d6 8.
O-O Bf5 9. Rb1 b6 10. Qe2 O-O 11. a4 a5 12. Ba3 Nf6 13. d4 e4 14. c4 exf3 15.
Bxf3 Re8 16. Qd2 Be4 17. Be2 d5 18. cxd5 Qxd5 19. f3 Qxd4+ 20. Qxd4 Nxd4 21.
Rfe1 Nxc2 22. Bb2 Nxe1 23. Rxe1 Bxf3 24. Kf2 Bxe2 25. Rxe2 Ng4+ 26. Ke1 Rxe2+
27. Kxe2 Nxh2 28. Be5 Re8 29. Ke3 Rxe5+ 30. Kd4 f6 31. Kc4 g5 32. Kd3 Kf7 33.
Kc3 Ke6 34. Kc2 Kd5 35. Kc3 Re3+ 36. Kd2 Kd4 37. Kc2 Rd3 38. Kb2 Nf3 39. Kc2
Ne1+ 40. Kc1 Kc3 41. Kb1 Kb3 42. Kc1 f5 43. Kb1 Rc3 44. Ka1 Ka3 45. Kb1 Nd3 46.
Ka1 Rc1# 0-1

[Event "Lansing (Aug)"]
[Site "?"]
[Date "1992.??.??"]
[Round "?"]
[White "Duweck, H."]
[Black "Duweck, K."]
[Result "0-1"]
[WhiteElo "1605"]
[BlackElo "1605"]
[PlyCount "94"]
[EventDate "1992.??.??"]

1. e4 e5 2. Nf3 Nc6 3. g3 Nf6 4. Bg2 Nxe4 5. O-O Bc5 6. Nc3 Nxf2 7. Qe2 Nd4 8.
Qxf2 Nxf3+ 9. Bxf3 Bxf2+ 10. Rxf2 O-O 11. d3 d5 12. Nxd5 Re8 13. Be4 Be6 14. a4
Bxd5 15. Bxd5 Qxd5 16. c4 Qd4 17. Ra2 Qxd3 18. Ra3 Qxa3 19. bxa3 Red8 20. Rf1
Rd4 21. c5 Rad8 22. Bg5 R8d5 23. Be3 Rd1 24. Rxd1 Rxd1+ 25. Kf2 b6 26. cxb6
axb6 27. Ke2 Rd7 28. a5 bxa5 29. Kf3 f6 30. a4 h5 31. Bd2 Rxd2 32. Ke3 Rxh2 33.
Kf3 Ra2 34. g4 Rxa4 35. gxh5 Rb4 36. Ke3 a4 37. Kd3 c5 38. Kc3 a3 39. h6 a2 40.
Kc2 a1=R 41. Kc3 Ra3+ 42. Kc2 Rh4 43. h7+ Kxh7 44. Kb2 Rah3 45. Kc2 Rg4 46. Kd1
Rg2 47. Ke1 Rh1# 0-1

[Event "Flint (Class B/2)"]
[Site "?"]
[Date "1992.??.??"]
[Round "?"]
[White "Duncan, Robert"]
[Black "Rostrom, Richard"]
[Result "0-1"]
[WhiteElo "1625"]
[BlackElo "1670"]
[PlyCount "72"]
[EventDate "1992.??.??"]

1. d4 Nf6 2. Nf3 g6 3. Nbd2 Bg7 4. e3 O-O 5. g3 b6 6. c4 c5 7. d5 d6 8. Be2 Bh3
9. Rg1 Bf5 10. Nh4 Bd7 11. f3 a6 12. Rb1 b5 13. b3 b4 14. Bb2 a5 15. g4 a4 16.
g5 Ne8 17. Bxg7 Nxg7 18. f4 e6 19. e4 Re8 20. Ng2 exd5 21. cxd5 axb3 22. axb3
Na6 23. h4 Nc7 24. Kf2 Nb5 25. Bxb5 Bxb5 26. Qc2 Qb6 27. Nc4 Bxc4 28. Qxc4 Ra2+
29. Kf3 Qc7 30. Rgc1 Qd7 31. Kg3 Nh5+ 32. Kh2 Nxf4 33. Rc2 Qh3+ 34. Kg1 Rxc2
35. Qxc2 Nxg2 36. Qe2 Nxh4 0-1

[Event "Flint (MI Senior/3)"]
[Site "?"]
[Date "1992.??.??"]
[Round "?"]
[White "Duncan, Robert"]
[Black "Foord, Allan"]
[Result "1-0"]
[WhiteElo "1605"]
[BlackElo "1695"]
[PlyCount "61"]
[EventDate "1992.??.??"]

1. d4 Nf6 2. Nf3 g6 3. g3 c6 4. Bg2 Bg7 5. O-O d5 6. Re1 O-O 7. Nbd2 Re8 8. b3
Nbd7 9. Bb2 Qc7 10. Rc1 e5 11. dxe5 Nxe5 12. Nxe5 Nd7 13. f4 Nxe5 14. fxe5 Bxe5
15. Bxe5 Rxe5 16. Nf3 Re3 17. Qd4 Re4 18. Qf2 Bd7 19. Rcd1 Rae8 20. Rd3 Qb6 21.
Red1 Re3 22. Nd4 Rxd3 23. cxd3 c5 24. Rf1 Re7 25. Bxd5 cxd4 26. Bxf7+ Kf8 27.
Bxg6+ Kg7 28. Qf8+ Kxg6 29. Qxe7 Qe6 30. Qxe6+ Bxe6 31. Rf4 1-0

[Event "Flint (MEX/2)"]
[Site "?"]
[Date "1992.??.??"]
[Round "?"]
[White "Duncan, Jack"]
[Black "Murray, David"]
[Result "1-0"]
[WhiteElo "2055"]
[BlackElo "2015"]
[PlyCount "81"]
[EventDate "1992.??.??"]

1. e4 c5 2. Nf3 d6 3. d4 cxd4 4. Nxd4 Nf6 5. Nc3 a6 6. Be2 e6 7. O-O Be7 8. Be3
Bd7 9. f4 Nc6 10. Kh1 O-O 11. Bf3 Rc8 12. Qe2 Qc7 13. Rad1 b5 14. a3 Na5 15.
Rd3 e5 16. Nf5 Bxf5 17. exf5 Nc4 18. Bc1 exf4 19. Nd5 Nxd5 20. Bxd5 Ne5 21. Rh3
f3 22. gxf3 Qxc2 23. Qxc2 Rxc2 24. Be4 Re2 25. f6 Ng6 26. fxe7 Re8 27. Bxg6
hxg6 28. Rg3 R8xe7 29. Rg2 R2e6 30. Bf4 d5 31. Rd2 Rd7 32. Kg2 Rf6 33. Kg3 Rf5
34. Kg4 Rh5 35. h4 Re7 36. Rfd1 Rd7 37. Re1 Rf5 38. Re8+ Kh7 39. Rc2 d4 40.
Rcc8 g5 41. Kxf5 1-0

[Event "Flint (MEX/3)"]
[Site "?"]
[Date "1992.??.??"]
[Round "?"]
[White "Duncan, Jack"]
[Black "Hahn, David"]
[Result "1/2-1/2"]
[WhiteElo "2055"]
[BlackElo "2240"]
[PlyCount "75"]
[EventDate "1992.??.??"]

1. e4 g6 2. d4 Bg7 3. Nc3 d6 4. Be3 c6 5. Qd2 Nf6 6. h3 b5 7. Bd3 Nbd7 8. Nce2
Bb7 9. c3 a6 10. f3 c5 11. h4 cxd4 12. cxd4 Rc8 13. Rd1 e5 14. Bb1 O-O 15. dxe5
Nxe5 16. b3 d5 17. exd5 Nxd5 18. Bh6 Bxh6 19. Qxh6 Qf6 20. h5 Qg7 21. hxg6 fxg6
22. Be4 Qxh6 23. Rxh6 Rfd8 24. Rh4 Ba8 25. Nh3 Ne3 26. Rxd8+ Rxd8 27. Kf2 Bxe4
28. Rxe4 Nd1+ 29. Ke1 Nc6 30. Re6 Nb4 31. Re7 Nc2+ 32. Kf1 Nde3+ 33. Kg1 Rd1+
34. Kh2 Nf1+ 35. Kh1 Ng3+ 36. Kh2 Nf1+ 37. Kh1 Ng3+ 38. Kh2 1/2-1/2

[Event "East Lansing (MI Am/2)"]
[Site "?"]
[Date "1992.??.??"]
[Round "?"]
[White "Duke, Daniel"]
[Black "Phalen, Michael"]
[Result "1-0"]
[WhiteElo "1605"]
[BlackElo "1605"]
[PlyCount "45"]
[EventDate "1992.??.??"]

1. e4 e5 2. Nf3 Nc6 3. Bb5 Bc5 4. Nc3 a6 5. Bxc6 dxc6 6. O-O Bg4 7. d3 Nf6 8.
Na4 Bxf2+ 9. Rxf2 Nxe4 10. Rf1 Qb8 11. dxe4 Qa7+ 12. Kh1 Rd8 13. Qe1 O-O 14.
Be3 Qb8 15. Qg3 Bxf3 16. Rxf3 Rd6 17. Bc5 Rg6 18. Qf2 Rd8 19. Rxf7 Rxg2 20.
Kxg2 Rd2 21. Qxd2 Kxf7 22. Rf1+ Ke8 23. Rf8# 1-0

[Event "East Lansing (MI Am/4)"]
[Site "?"]
[Date "1992.??.??"]
[Round "?"]
[White "Duke, Daniel"]
[Black "Harrison, T."]
[Result "1-0"]
[WhiteElo "1605"]
[BlackElo "1605"]
[PlyCount "139"]
[EventDate "1992.??.??"]

1. e4 c5 2. Nf3 Nc6 3. Nc3 e6 4. d4 d5 5. Bb5 a6 6. Bxc6+ bxc6 7. Be3 c4 8. Ne5
Ne7 9. O-O f6 10. Nf3 Ng6 11. exd5 cxd5 12. Re1 Bd6 13. b3 cxb3 14. cxb3 O-O
15. Rc1 Bd7 16. Rc2 Rc8 17. Qd3 Bb4 18. Rec1 Bxc3 19. Rxc3 Bb5 20. Qd2 Qd7 21.
a4 Bc6 22. Qc2 Bb7 23. Bd2 Rxc3 24. Qxc3 Rc8 25. Qe3 Rxc1+ 26. Bxc1 Qc6 27. Ba3
Nf8 28. h3 Qe8 29. Qc3 Ng6 30. Qc7 Bc8 31. h4 Qd7 32. Qc5 Qe8 33. h5 Nf4 34. g4
h6 35. Nh4 Kh7 36. f3 e5 37. Qc2+ e4 38. Kf2 g5 39. hxg6+ Nxg6 40. Nxg6 Kxg6
41. Kg3 Kg7 42. Qc7+ Kg8 43. Qf4 e3 44. Bb4 h5 45. Qxf6 e2 46. Qg5+ Kh7 47.
Qxh5+ Qxh5 48. gxh5 Kh6 49. Kf2 Kxh5 50. Kxe2 Kg5 51. Bd2+ Kf5 52. Kd3 Ke6 53.
f4 Kd6 54. Ke3 Bf5 55. Kf3 Bc2 56. f5 Bxf5 57. b4 Bd7 58. a5 Kc6 59. Kf4 Kb5
60. Ke5 Bc6 61. Kd6 Ba8 62. Kc7 Kc4 63. Kb6 Kxd4 64. Kxa6 Bc6 65. b5 Kc5 66. b6
Bb5+ 67. Ka7 Bc6 68. b7 Bxb7 69. Kxb7 Kb5 70. a6 1-0

[Event "Flint (Class A/5)"]
[Site "?"]
[Date "1992.??.??"]
[Round "?"]
[White "Drkulec, Vladimir"]
[Black "Wydryck, Robert"]
[Result "1-0"]
[WhiteElo "1875"]
[BlackElo "1970"]
[PlyCount "83"]
[EventDate "1992.??.??"]

1. d4 Nf6 2. c4 g6 3. Nc3 c5 4. d5 e6 5. e4 exd5 6. cxd5 d6 7. f4 Bg7 8. Bb5+
Nfd7 9. Be2 O-O 10. Nf3 a6 11. a4 Nf6 12. Nd2 Qe7 13. O-O Nbd7 14. Bf3 Rb8 15.
a5 b5 16. axb6 Rxb6 17. Nc4 Rb4 18. Qd3 Nb6 19. Nxb6 Rxb6 20. h3 Ne8 21. f5 Qa7
22. Kh1 Bd7 23. Re1 Nc7 24. g4 Rb4 25. Bg2 Bb5 26. Qf3 Be5 27. Nd1 Ba4 28. Nc3
Be8 29. Bh6 Rxb2 30. Bxf8 Kxf8 31. Rab1 Qb6 32. Rxb2 Qxb2 33. Nd1 Qb4 34. Rf1
Bb5 35. fxg6 f6 36. gxh7 Kg7 37. g5 Bxf1 38. Bxf1 Qd2 39. gxf6+ Kxh7 40. Qf5+
Kh6 41. Nf2 Qg5 42. Ng4+ 1-0

[Event "Detroit (MI Op/4/11)"]
[Site "?"]
[Date "1992.??.??"]
[Round "?"]
[White "Drkulec, Vladimir"]
[Black "Thompson, Dexter"]
[Result "1/2-1/2"]
[WhiteElo "2045"]
[BlackElo "2315"]
[PlyCount "88"]
[EventDate "1992.??.??"]

{4/(11)} 1. d4 Nf6 2. c4 e6 3. Nc3 d5 4. Nf3 c6 5. Bg5 Nbd7 6. e3 Qa5 7. Bxf6
Nxf6 8. Nd2 Bb4 9. Qc2 O-O 10. Bd3 dxc4 11. Nxc4 Bxc3+ 12. bxc3 Qg5 13. f4 Qh6
14. O-O b6 15. Rf3 g6 16. Ne5 Bb7 17. Rh3 Qg7 18. g4 Rad8 19. g5 Nd5 20. Ng4 f5
21. gxf6 Nxf6 22. Ne5 Nd5 23. Rf1 c5 24. Rg3 cxd4 25. exd4 Nxf4 26. Rxf4 Rxf4
27. Bxg6 hxg6 28. Rxg6 Be4 29. Rxg7+ Kxg7 30. Qc1 Rdf8 31. h3 R8f5 32. Qe1 Rg5+
33. Ng4 Bf3 34. Qxe6 Bxg4 35. hxg4 Rgxg4+ 36. Kh2 Rg6 37. Qe5+ Rff6 38. Kh3 Kg8
39. Qe8+ Kg7 40. Qe5 Kf8 41. Qb8+ Kf7 42. Qxa7+ Kg8 43. Qa8+ Rf8 44. Qe4 Rg7
1/2-1/2

[Event "Detroit (Pan Am/1)"]
[Site "?"]
[Date "1992.??.??"]
[Round "?"]
[White "Drkulec, Vladimir"]
[Black "Stockton, T."]
[Result "1-0"]
[WhiteElo "2120"]
[BlackElo "1605"]
[PlyCount "59"]
[EventDate "1992.??.??"]

1. d4 d5 2. c4 Nc6 3. e3 Nf6 4. Nc3 Bf5 5. Nf3 e6 6. Be2 dxc4 7. Bxc4 Bd6 8.
O-O h6 9. Qe2 O-O 10. h3 Ne4 11. Nxe4 Bxe4 12. Nd2 Bh7 13. f4 Be7 14. a3 Bf6
15. b4 Nxd4 16. Qf2 Ne2+ 17. Qxe2 Bxa1 18. e4 Bc3 19. Nf3 Qe7 20. g4 Rfd8 21.
g5 hxg5 22. Nxg5 Bf6 23. Nxh7 Kxh7 24. e5 Bh4 25. Qh5+ Kg8 26. f5 Rd4 27. fxe6
fxe6 28. Bb3 Qe8 29. Qf5 Rad8 30. Bxe6+ 1-0

[Event "Detroit (MI Op/2/25)"]
[Site "?"]
[Date "1992.??.??"]
[Round "?"]
[White "Drkulec, Vladimir"]
[Black "Steverson, Bunnard"]
[Result "1-0"]
[WhiteElo "2045"]
[BlackElo "1840"]
[PlyCount "133"]
[EventDate "1992.??.??"]

{2/(25)} 1. d4 d5 2. c4 e6 3. Nf3 Nf6 4. Nc3 Be7 5. Bg5 c6 6. e3 O-O 7. Rc1
Nbd7 8. Bd3 Ng4 9. Bxe7 Qxe7 10. h3 Ngf6 11. O-O g6 12. Qe2 Qd6 13. Rfd1 Nh5
14. e4 Nf4 15. Qe3 Nxd3 16. Qxd3 Rd8 17. e5 Qe7 18. b3 Nf8 19. c5 Bd7 20. Qe3
Kg7 21. Nh2 h5 22. g4 Nh7 23. gxh5 Qg5+ 24. Qxg5 Nxg5 25. hxg6 Nxh3+ 26. Kg2
Nf4+ 27. Kg3 Nh5+ 28. Kg2 fxg6 29. Ne2 Rf8 30. Ng4 Rf5 31. Rc3 Raf8 32. Rh3 Rg5
33. f3 b6 34. b4 Bc8 35. Rh4 Ba6 36. Kf2 Rgf5 37. Nh2 Rh8 38. Nc3 bxc5 39. bxc5
Rb8 40. Rb1 Rxb1 41. Nxb1 Nf4 42. Nc3 g5 43. Rg4 Nd3+ 44. Ke3 Kh6 45. Rg1 Nb4
46. Rg2 Rf7 47. Rd2 Bc4 48. a3 Na6 49. Rb2 Kg6 50. Ng4 Nc7 51. Rb7 Nb5 52. Rxf7
Kxf7 53. Nxb5 cxb5 54. Nf6 a5 55. Nh7 Kg6 56. Nf8+ Kf7 57. Nd7 b4 58. axb4 a4
59. Kd2 Ke7 60. Nf6 Be2 61. Nh7 Bxf3 62. Nxg5 a3 63. Kc3 Bd1 64. b5 Ba4 65. b6
Kd7 66. Nxe6 Bc6 67. Nc7 1-0